000 01178nam0a22003131 4500
001 rc\2769319
005 20250805160813.4
035 _a(NLR Aleph) 006895718
090 _a7194401
_c7194401
100 _a20110915d1941 |||y0rusy50 ca
101 1 _arus
_ceng
102 _aRU
105 _aa z |||a|
200 1 _aЦитадель
_e[Роман]
_fПер. с англ. М. Е. Абкиной
_g[Ил. Ю. Петров]
205 _a[2-е изд.]
210 _aЛенинград
_cГослитиздат
_d1941
215 _a432 с.
_cил.
_d20 см.
300 _aПредисл. О. Немеровской, с. 3-12
700 1 _aКронин
_bА. Д.
_f1896-1981
_gАрчибальд Джозеф
_3RU\NLR\AUTH\777613
702 1 _aПетров
_bЮ. Н.
_cхудожник-график
_f1904-1944
_gЮрий Николаевич
_3RU\NLR\AUTH\770128157
_4440
702 1 _aАбкина
_bМ. Е.
_gМария Ефимовна
_4730
801 0 _aRU
_bNLR
_gpsbo
801 1 _aRU
_bELAR
_2rusmarc
852 _aNLR
_jЛ60 Г-3/9
942 _cBOOK
945 _aРоссийская национальная библиотека
980 _aNB
980 _aBV